Mystery Song Lyrics Quiz #8 Stats

 Plays Quiz not verified by Sporcle

Support Sporcle.
Go Orange.
Score 0/268 Timer 12:00
0 Plays Today
Lyrics % Correct
I
97.9%
I
97.9%
I
97.9%
I
97.9%
I
97.9%
I
97.9%
I
97.9%
I
97.9%
I
97.9%
I
97.9%
I
97.9%
I
97.9%
a
97.4%
a
97.4%
a
97.4%
a
97.4%
a
97.4%
a
97.4%
the
92%
the
92%
the
92%
the
92%
the
92%
The
92%
the
92%
the
92%
the
92%
the
92%
the
92%
the
92%
the
92%
the
92%
the
92%
the
92%
you.'
90.1%
you
90.1%
you
90.1%
you.'
90.1%
you
90.1%
an
88.5%
to
85.1%
to
85.1%
to
85.1%
to
85.1%
to
85.1%
to
85.1%
to
85.1%
to
85.1%
to
85.1%
to
85.1%
we
82.5%
we
82.5%
we
82.5%
in
81.2%
in
81.2%
in
81.2%
in
81.2%
in
81.2%
in
81.2%
in
81.2%
in
81.2%
in
81.2%
do
81%
do
81%
do
81%
do
81%
do
81%
do
81%
do
81%
He
80.7%
me
80.5%
me
80.5%
me
80.5%
me
80.5%
me
80.5%
for
70.6%
for
70.6%
for
70.6%
that
70.5%
that
70.5%
that
70.5%
that
70.5%
that
70.5%
that
70.5%
she
70.4%
if
68.5%
of
67.4%
of
67.4%
thing
65.4%
there
65.1%
Lyrics % Correct
there
65.1%
could
64%
could
64%
could
64%
it's
63.9%
It's
63.9%
It's
63.9%
It's
63.9%
as
62.4%
As
62.4%
as
62.4%
time
61.5%
time
61.5%
time
61.5%
say,
61%
they
60.4%
things
59.3%
things
59.3%
things
59.3%
know
58.7%
ever
57.8%
ever
57.8%
ever
57.8%
never
57.7%
never
57.7%
never
57.7%
Her
57.2%
like
56.3%
some
56.2%
some
56.2%
some
56.2%
some
56.2%
some
56.2%
some
56.2%
had
55.9%
had
55.9%
had
55.9%
from
55.3%
from
55.3%
from
55.3%
or
54.9%
or
54.9%
or
54.9%
or
54.9%
this
53.8%
take
53.6%
take
53.6%
take
53.6%
take
53.6%
take
53.6%
take
53.6%
down
52.8%
down
52.8%
down
52.8%
down
52.8%
down
52.8%
down
52.8%
down
52.8%
hear
51.4%
But
49%
I've
46.4%
nothing
46.1%
nothing
46.1%
nothing
46.1%
more
46.1%
more
46.1%
more
46.1%
night
44.3%
way
44%
away
43.4%
away
43.4%
away
43.4%
right
43.2%
gonna
43.1%
Gonna
43.1%
gonna
43.1%
Gonna
43.1%
gonna
43.1%
Gonna
43.1%
man
42.8%
boy,
42.6%
boy,
42.6%
She's
42.3%
she's
42.3%
men
41.2%
men
41.2%
men
41.2%
There's
41%
There's
41%
There's
41%
Lyrics % Correct
only
40.9%
Africa
40.3%
Africa
40.3%
Africa
40.3%
Africa
40.3%
Africa
40.3%
Africa
40.3%
Africa
40.3%
out
40.1%
rains
38.9%
rains
38.9%
rains
38.9%
rains
38.9%
rains
38.9%
rains
38.9%
rains
38.9%
lot
37.7%
lot
37.7%
lot
37.7%
waiting
36.7%
waiting
36.7%
hundred
36.6%
hundred
36.6%
hundred
36.6%
bless
34.5%
bless
34.5%
bless
34.5%
bless
34.5%
bless
34.5%
bless
34.5%
bless
34.5%
'Hurry,
31%
'Hurry,
31%
what's
31%
what's
31%
tonight
30.6%
must
29.9%
drums
29%
turned
28.7%
old
28.3%
old
28.3%
drag
28.1%
drag
28.1%
drag
28.1%
coming
27.7%
echoing
27.6%
find
24.9%
cry
24.6%
quiet
24.6%
whispers
24.4%
flight
24.3%
conversation
23.7%
twelve
23.6%
thirty
23.5%
above
23.1%
Kilimanjaro
22.9%
become
22.9%
words
22.7%
Serengeti
22.5%
rises
22.3%
inside
21.8%
hears
21.7%
Sure
21.7%
deep
20.9%
along
20.9%
wild
20.3%
ancient
20%
forgotten
19.5%
dogs
19.3%
Frightened
19.1%
company
18.6%
salvation
18.2%
melodies
17.9%
stars
17.2%
solitary
16.9%
towards
16.7%
stopped
16.4%
Hoping
16.3%
guide
15.7%
Olympus
15.5%
grow
14.5%
restless
13.9%
longing
13.8%
reflect
13.6%
seek
13.5%
moonlit
12.6%
cure
12.4%
wings
12.4%

You're not logged in!

Compare scores with friends on all Sporcle quizzes.
OR
Log In

From the Vault

States by 'G' Cities

by stereo_love

These cities put the 'G' in Geography.
Remove Ads.
Support Sporcle.
Get the best of Sporcle when you Go Orange. This ad-free experience offers more features, more stats, and more fun while also helping to support Sporcle. Thank you for becoming a member.

Show Comments

Extras

Top Quizzes Today


Score Distribution

Your Account Isn't Verified!

In order to create a playlist on Sporcle, you need to verify the email address you used during registration. Go to your Sporcle Settings to finish the process.

Report this User

Report this user for behavior that violates our Community Guidelines.

Details: